Mastermind : (Record no. 14209)

000 -LEADER
fixed length control field 01948cam a2200337 a 4500
001 - CONTROL NUMBER
control field 16555605
005 - DATE AND TIME OF LATEST TRANSACTION
control field 20170105102849.0
008 - FIXED-LENGTH DATA ELEMENTS--GENERAL INFORMATION
fixed length control field 101129s2011 nyua b 001 0 eng
010 ## - LIBRARY OF CONGRESS CONTROL NUMBER
LC control number 2010047777
020 ## - INTERNATIONAL STANDARD BOOK NUMBER
International Standard Book Number 9781595230720
020 ## - INTERNATIONAL STANDARD BOOK NUMBER
International Standard Book Number 1595230726
035 ## - SYSTEM CONTROL NUMBER
System control number (OCoLC)ocn635459500
040 ## - CATALOGING SOURCE
Original cataloging agency DLC
Transcribing agency DLC
Modifying agency YDX
-- BTCTA
-- YDXCP
-- LIV
-- QDK
-- IK2
-- BWX
-- VP@
-- LMR
-- CDX
-- DLC
050 00 - LIBRARY OF CONGRESS CALL NUMBER
Classification number HV6430.M64
Item number M56 2011
082 00 - DEWEY DECIMAL CLASSIFICATION NUMBER
Classification number 363.325092
-- B
Edition number 22
100 1# - MAIN ENTRY--PERSONAL NAME
Personal name Miniter, Richard.
245 10 - TITLE STATEMENT
Title Mastermind :
Remainder of title the many faces of the 9/11 architect, Khalid Shailk Mohammed /
Statement of responsibility, etc. Richard Miniter.
260 ## - PUBLICATION, DISTRIBUTION, ETC.
Place of publication, distribution, etc. New York :
Name of publisher, distributor, etc. Sentinel,
Date of publication, distribution, etc. 2011.
300 ## - PHYSICAL DESCRIPTION
Extent 278 p. :
Other physical details ill. ;
Dimensions 24 cm.
504 ## - BIBLIOGRAPHY, ETC. NOTE
Bibliography, etc. note Includes bibliographical references and index.
505 0# - FORMATTED CONTENTS NOTE
Formatted contents note Book I : origins -- The outsider -- Campus radical -- Searching for war -- Book II : a terrorist career -- Tradebom -- The plot to kill the Pope, the presidents and 5,000 Americans -- Losing Ramzi -- Meeting Bin Laden -- Book III : the planes operation -- September 11, 2001 -- Book IV : hunting KSM -- The Daniel Pearl murder -- Explosions in paradise -- Recognize us yet? -- Book V : interrogating KSM -- Breaking KSM -- Denouement.
520 ## - SUMMARY, ETC.
Summary, etc. Draws on dozens of interviews with officials, military figures, and spies throughout the world to profile the al Qaeda terrorist behind the September 11 attacks, revealing previously undisclosed facts and details about other plots.
600 10 - SUBJECT ADDED ENTRY--PERSONAL NAME
Personal name Mohammed, Khalid Shaikh,
Dates associated with a name 1965-
650 #0 - SUBJECT ADDED ENTRY--TOPICAL TERM
Topical term or geographic name entry element Terrorists.
650 #0 - SUBJECT ADDED ENTRY--TOPICAL TERM
Topical term or geographic name entry element September 11 Terrorist Attacks, 2001.
856 42 - ELECTRONIC LOCATION AND ACCESS
Materials specified Contributor biographical information
Uniform Resource Identifier <a href="http://www.loc.gov/catdir/enhancements/fy1114/2010047777-b.html">http://www.loc.gov/catdir/enhancements/fy1114/2010047777-b.html</a>
856 42 - ELECTRONIC LOCATION AND ACCESS
Materials specified Publisher description
Uniform Resource Identifier <a href="http://www.loc.gov/catdir/enhancements/fy1114/2010047777-d.html">http://www.loc.gov/catdir/enhancements/fy1114/2010047777-d.html</a>
906 ## - LOCAL DATA ELEMENT F, LDF (RLIN)
a 7
b cbc
c orignew
d 1
e ecip
f 20
g y-gencatlg
942 ## - ADDED ENTRY ELEMENTS (KOHA)
Source of classification or shelving scheme
Koha item type Book
Holdings
Withdrawn status Lost status Damaged status Not for loan Collection code Permanent Location Current Location Shelving location Date acquired Total Checkouts Full call number Barcode Date last seen Price effective from Koha item type
          Centre for International Peace & Stability (CIPS) Centre for International Peace & Stability (CIPS) General Stacks 08/20/2013   363.325092 MIN 2011 CIPS0000700 08/20/2013 08/20/2013 Book
© 2023 Central Library, National University of Sciences and Technology. All Rights Reserved.